000 00393pab a2200157 454500
008 180718b1988 xxu||||| |||| 00| 0 eng d
100 _aPunjabi, Jyothi
245 _aNew agricultural strategy and rural women
260 _c1988
300 _a299-309
362 _aMay
650 _aWomen in Agriculture
700 _aA.N. Sahdu
773 _aJournal of Rural Development
909 _a21025
999 _c21025
_d21025